000 00457nam a2200169 4500
001 1961
005 20230410103956.0
008 060907n1995 dr spa
035 _9funglode1969
041 _aES
050 1 4 _aC352a 1995
100 _aCastillo, Florencio
245 1 _aAsí murió Spadafora la verdad de Bruce Lee /
_cFlorencio Castillo
260 _aDavid Chiriqui :
_bEditorial F. C,
_c1995
300 _a246 p.
942 _2lcc
_cbk
999 _c29558
_d29558